| 000 | 00938cab a2200265 4500 | ||
|---|---|---|---|
| 001 | ABS52502 | ||
| 008 | 090401t1995 xxu||||| |||| 00| 0 eng d | ||
| 035 | _a(Sirsi) u82219 | ||
| 041 | _aeng | ||
| 100 | _aDawson, A. | ||
| 245 | _aPicking a path through the hedges | ||
| 260 | _c1995 | ||
| 350 | _a0 | ||
| 490 |
_aEstates Gazette _v(9510) 11 March 1995, 46-46(2) |
||
| 520 | _aExplains the `hedging` approach as a means of protecting overseas property investments against adverse currency fluctuations. Suggests that investors are unfamiliar with the methods available, following a survey of 35 British companies. | ||
| 650 | _aCROSS-BORDER INVESTMENT | ||
| 650 | _aEXCHANGE-RATE HEDGES | ||
| 650 | _aHEDGING METHODS | ||
| 650 | _aOVERSEAS INVESTMENT | ||
| 650 | _aOVERSEAS PROPERTY INVESTMENT | ||
| 650 | _aPROPERTY FINANCE | ||
| 690 | _aPROPERTY-PROPERTY FINANCE AND INVESTMENT | ||
| 942 | _n0 | ||
| 948 | _c04/03/1997 | ||
| 999 |
_c51871 _d51871 |
||